Mukhtaser Qanoni Islahaat / (Record no. 529452)
[ view plain ]
| 000 -LEADER | |
|---|---|
| fixed length control field | 00342nam a22001337a 4500 |
| 003 - CONTROL NUMBER IDENTIFIER | |
| control field | NUST |
| 038 ## - RECORD CONTENT LICENSOR | |
| Staff Name | waseem |
| 082 ## - DEWEY DECIMAL CLASSIFICATION NUMBER | |
| Classification number | 340.1 |
| Author Mark | SID |
| 100 ## - MAIN ENTRY--PERSONAL NAME | |
| Personal name | Daskavi, Feroz ul Din |
| 9 (RLIN) | 21547 |
| 245 ## - TITLE STATEMENT | |
| Title | Mukhtaser Qanoni Islahaat / |
| Statement of responsibility, etc. | Feroz ul Din Daskavi |
| Medium | |
| 260 ## - PUBLICATION, DISTRIBUTION, ETC. | |
| Place of publication, distribution, etc. | Islamabad : |
| Name of publisher, distributor, etc. | Muqdare Qumi Zuban, |
| Date of publication, distribution, etc. | 1989. |
| 300 ## - PHYSICAL DESCRIPTION | |
| Extent | 32 p. ; |
| 942 ## - ADDED ENTRY ELEMENTS (KOHA) | |
| Source of classification or shelving scheme | |
| Koha item type | Book |
| Withdrawn status | Lost status | Source of classification or shelving scheme | Damaged status | Not for loan | Permanent Location | Current Location | Date acquired | Full call number | Barcode | Date last seen | Price effective from | Koha item type |
|---|---|---|---|---|---|---|---|---|---|---|---|---|
| NUST Law School (NLS) | NUST Law School (NLS) | 09/26/2019 | 340.1 SID | SEECS002276 | 09/26/2019 | 09/26/2019 | Book |
